logo

Bir Sreshtho Munshi Abdur Rouf Library
Jhenaidah Cadet College

আন্তর্জাতিক সম্পর্কের মূলনীতি / (Record no. 7232)

MARC details
000 -LEADER
fixed length control field 00791nam a22002417a 4500
001 - CONTROL NUMBER
JCCL Control Number 7232
003 - CONTROL NUMBER IDENTIFIER
JCCL marc code BD-JhCC
005 - DATE AND TIME OF LATEST TRANSACTION
control field 20180206165430.0
008 - FIXED-LENGTH DATA ELEMENTS--GENERAL INFORMATION
fixed length control field 180206r20052009 ad||| |||| 00| 0 d
020 ## - INTERNATIONAL STANDARD BOOK NUMBER
International Standard Book Number 9844104289
035 ## - SYSTEM CONTROL NUMBER
system control number (BD-JhCC)7232
040 ## - CATALOGING SOURCE
Original cataloging agency BD-JhCC
Modifying agency BD-JhCC
041 ## - LANGUAGE CODE
Language code of Book ben
082 ## - DEWEY DECIMAL CLASSIFICATION NUMBER
Classification number 327
Author mark and Year HAL 2009
100 ## - MAIN ENTRY--PERSONAL NAME
Personal name হালিম, মোঃ আবদুল
245 ## - TITLE STATEMENT
Title আন্তর্জাতিক সম্পর্কের মূলনীতি /
Statement of responsibility, etc মোঃ আবদুল হালিম
260 ## - PUBLICATION, DISTRIBUTION, ETC. (IMPRINT)
Place of publication, distribution, etc ঢাকা :
Name of publisher, distributor, etc মাওলা ব্রাদার্স,
Date of publication, distribution, etc ২০০৯.
300 ## - PHYSICAL DESCRIPTION
Pagination ২৬৯ পৃ. :
Dimensions ২২ সেমি.
504 ## - BIBLIOGRAPHY, ETC. NOTE
Bibliography, etc Includes Bibliography
650 ## - SUBJECT ADDED ENTRY--TOPICAL TERM
Topical term or geographic name as entry element International Relation
942 ## - ADDED ENTRY ELEMENTS (KOHA)
Source of classification or shelving scheme Dewey Decimal Classification
Koha item type Books
Holdings
Source of classification or shelving scheme Damaged status Not for loan Home library Current library Shelving location Date of accession Source of acquisition Cost, normal purchase price Total Checkouts Full call number Barcode Date last seen Copy number Koha item type
Dewey Decimal Classification     JCC Rouf Library JCC Rouf Library General Stacks 02/06/2018 Zahedee Foundation 225.00   327 HAL 2009 9744 02/06/2018 C-1 Books

JCC Library | Contacts | JCC Home

Last Update on 23 September 2017
Copyright @ 2017-2020 JCC Rouf Library
Rouf Library, Jhenidah Cadet College (JCC), Bangladesh